Pierre Garnier - Ceux qu'on était [paroles] - Statistiques

Statistiques générales
  • Ce quiz a été pris 22 fois
  • Le résultat moyen est 72 sur 95
Statistiques - réponses
Réponse % Correct
ce
100%
et
100%
le
100%
meilleur
100%
qu’on
100%
à
95%
a
95%
de
95%
était
95%
ceux
90%
j’ai
90%
je
90%
(je
90%
pas
90%
ça
86%
c’est
86%
garder
86%
garder)
86%
j’aimerais
86%
la
86%
ne
86%
que
86%
te
86%
tout
86%
tu
86%
vas
86%
cause
81%
chercher
81%
chercher)
81%
c’que
81%
dire
81%
donné
81%
moi
81%
81%
peu
81%
sais
81%
t’ai
81%
t’en
81%
un
81%
vais
81%
au
76%
comme
76%
déjà
76%
dernier
76%
est
76%
fois
76%
grave
76%
j’vais
76%
partir
76%
prête
76%
qu’ailleurs
76%
retenir
76%
si
76%
(si
76%
veux
76%
affaires
71%
celui
71%
celui-là
71%
des
71%
fait
71%
l’ai
71%
mais
71%
on
71%
plus
71%
pour
71%
rangé
71%
revoir
71%
souvenir
71%
t’es
71%
t’iras
71%
trop
71%
aimé
67%
dernière
67%
les
67%
se
67%
y
67%
nous
62%
peut-être
62%
quand
62%
regarde
62%
bien
57%
crois
57%
même
57%
parler
57%
passait
57%
sans
57%
changerais
52%
dans
52%
fallait
52%
l’or
52%
mains
52%
recommencer
52%
rien
52%
s’il
52%
t’avais
52%
Aucun quiz correspondant
Distribution des résultats
% des personnes avec chaque résultat
Percentile par nombre de réponses
Votre historique - résultats
Vous n’avez pas pris ce quiz